000 00310nam a22001097a 4500
082 _a372.623
_bREA
_cL-29
245 _aReading Approach to college Writing
260 _aCalifornia
_bChandler Publishing Company
300 _a311 P :
_bill :
_c22cm
526 _a0
_b0
_c0
_d372_623000000000000_REA
942 _2ddc
_cBK
999 _c542960
_d542960